El grabado en el Perú republicano: diccionario histórico
Guardat en:
| Autor principal: | |
|---|---|
| Format: | Llibre |
| Idioma: | espanyol |
| Publicat: |
Lima
UNMSM
2003
|
| Edició: | 1a. ed |
| Col·lecció: | Serie Humanidades
|
| Matèries: | |
| Etiquetes: |
Afegir etiqueta
Sense etiquetes, Sigues el primer a etiquetar aquest registre!
|
MARC
| LEADER | 00000nam a2200000 a 4500 | ||
|---|---|---|---|
| 001 | UCL9814 | ||
| 003 | CL-VaPUC | ||
| 008 | 040827e20030000PE |||||||||||||||||spa|d | ||
| 020 | |a 9972462250 | ||
| 082 | 0 | 4 | |a 769.56985 |b LEO |2 21 |
| 100 | 0 | |a Leonardini, Nanda |e author |9 487707 | |
| 245 | 1 | 3 | |a El grabado en el Perú republicano: diccionario histórico |
| 250 | |a 1a. ed | ||
| 300 | |a 210 p | ||
| 942 | |c BK | ||
| 945 | |d 20040827 00:00:00 |a cmena | ||
| 260 | |a Lima |b UNMSM |c 2003 | ||
| 650 | 0 | |a Grabados |9 310822 | |
| 650 | 0 | |a Arte peruano |9 329604 | |
| 650 | 0 | |a Historia del arte |9 314877 | |
| 650 | 7 | |a LITOGRAFIA |2 CL-VaPUC |9 266187 | |
| 650 | 0 | |a Numismática |9 318332 | |
| 651 | 0 | |a Perú |9 256567 | |
| 583 | |a last modification |c 20040827 00:00:00 |k Rodrigo Vera | ||
| 490 | 0 | |a Serie Humanidades | |
| 999 | |c 310457 |d 310455 | ||
| 952 | |0 0 |1 0 |4 0 |6 769_569850000000000_LEO_2003 |7 0 |8 A |9 378905 |a BIBHIS |b BIBHIS |d 2019-11-21 |i 4043723 |o 769.56985 LEO 2003 |p 4043723 |r 2025-01-20 |w 2019-11-21 |y BK |k HIS | ||